Financial accounting (Record no. 309400)

MARC details
000 -LEADER
fixed length control field 00452 a2200181 4500
005 - DATE & TIME
control field 20240401120710.0
008 - FIXED-LENGTH DATA ELEMENTS--GENERAL INFORMATION
fixed length control field 240328b |||||||| |||| 00| 0 eng d
020 ## - ISBN
International Standard Book Number 9789393525260
Price Rs. 750.00
040 ## - CATALOGING SOURCE
Original cataloging agency VIVEKANANDA LIBRARY
082 ## - DDC NUMBER
Classification number 657.48
Book Number S23F
100 ## - MAIN ENTRY--PERSONAL NAME
Personal name Swamy, Ranjan
245 ## - TITLE STATEMENT
Title Financial accounting
260 ## - PUBLICATION, DISTRIBUTION, ETC. (IMPRINT)
Name of publisher, distributor, etc Arihant Books
Place of publication, distribution, etc New Delhi
Date of publication, distribution, etc 2023
300 ## - PHYSICAL DESCRIPTION
Pages vi, 284
650 ## - Subject
Subject Financial Accounting
650 ## - Subject
Subject Management
942 ## - ADDED ENTRY ELEMENTS (KOHA)
Koha item type Books
Holdings
Withdrawn status Lost status Source of classification or shelving scheme Damaged status Not for loan Location (home branch) Sublocation or collection (holding branch) Shelving location Date acquired Koha issues (times borrowed) Koha full call number Accession No. Koha date last seen Koha item type
    Dewey Decimal Classification     VIVEKANANDA LIBRARY VIVEKANANDA LIBRARY IMSAR Library 20/01/2024   657.48 S23F 420250 20/01/2024 Books
© Designed and Maintained by Vivekananda Library, MDU Rohtak